000 00696nam a2200241Ia 4500
003 OSt
005 20220918173043.0
006 a|||||r|||| 00| 0
007 ta
008 220917b |||||||| |||| 00| 0 eng d
024 _a4,765
037 _cTextual
040 _aARTS
_cARTS
_beng
041 _2eng
_aeng
082 _a2:551-45, K9 (2D)
100 _aKnight G Norman
_944649
245 0 _aIndexing, the art of
_b A guide to indexing of books and periodicals
260 _aLondon
_bGeorge Allen and Unwin
_c1979
300 _a218p. Appendix
_ccm.
650 _aLIBRARY SCIENCE
942 _h2:551-45, K9 (2D)
_cTEXL
_2CC
999 _c146951
_d146951